000 00624nam a2200193 a 4500
001 000031224
005 20240412074255.0
008 110615s1925 dr 000 p spa d
040 _aDO-SdBNP
_bspa
_cBNPHU
082 _aRD861. 44
_bP438p
100 1 _aPérez Alfonseca, Ricardo
_d1892-1950
_957691
245 1 0 _aPalabras de mi madre y otros poemas /
_cRicardo Pérez Alfonseca.
260 _aSanto Domingo :
_bMontalvo,
_c1925.
300 _a37 p. ;
_c16 cm.
590 _aInventariado, 2019/VM
650 4 _aPoemas dominicanos
_957692
650 0 _aLiteratura dominicana.
_967
910 _aValidado. Control de calidad MFF
999 _c30716
_d30716